| Tag |
First Indicator |
Second Indicator |
Subfields |
| LEADER |
00000cam a2200000 i 4500 |
| 001 |
in00004434026 |
| 005 |
20210422112839.0 |
| 006 |
m do | | |
| 007 |
cr ||||||||||| |
| 008 |
200715t20212021nyu ob 001 0 eng |
| 010 |
|
|
|a 2020031957
|
| 020 |
|
|
|a 9781003013822
|q electronic book
|
| 020 |
|
|
|a 1003013821
|q electronic book
|
| 020 |
|
|
|a 9781000292633
|q electronic book
|
| 020 |
|
|
|a 1000292630
|q electronic book
|
| 020 |
|
|
|a 9781000292619
|q electronic book
|
| 020 |
|
|
|a 1000292614
|q electronic book
|
| 020 |
|
|
|a 9781000292626
|q electronic book
|
| 020 |
|
|
|a 1000292622
|q electronic book
|
| 020 |
|
|
|z 9780367855932
|q hardcover
|
| 020 |
|
|
|z 9780367855949
|q paperback
|
| 024 |
8 |
|
|a 40030304228
|
| 035 |
|
|
|a (DLC)ybp16850017
|
| 037 |
|
|
|a 9781003013822
|b Taylor & Francis
|
| 040 |
|
|
|a NhCcYBP
|c NhCcYBP
|d UtOrBLW
|
| 042 |
|
|
|a pcc
|
| 050 |
|
4 |
|a BF76.5
|b .H395 2021
|
| 072 |
|
7 |
|a PSY
|x 000000
|2 bisacsh
|
| 072 |
|
7 |
|a PSY
|x 030000
|2 bisacsh
|
| 072 |
|
7 |
|a JMB
|2 bicssc
|
| 082 |
0 |
0 |
|a 808.06/615
|2 23
|
| 100 |
1 |
|
|a Haynes, Stephen N.,
|d 1944-
|e author.
|0 http://id.loc.gov/authorities/names/n2020038555
|
| 245 |
1 |
0 |
|a Writing dissertations and theses in psychology :
|b a student's guide for success /
|c Stephen N. Haynes and John D. Hunsley.
|
| 264 |
|
1 |
|a New York :
|b Routledge,
|c 2021.
|
| 264 |
|
4 |
|c ©2021
|
| 300 |
|
|
|a 1 online resource.
|
| 336 |
|
|
|a text
|b txt
|2 rdacontent
|
| 337 |
|
|
|a computer
|b n
|2 rdamedia
|
| 338 |
|
|
|a online resource
|b nc
|2 rdacarrier
|
| 504 |
|
|
|a Includes bibliographical references and index.
|
| 545 |
0 |
|
|a Stephen N. Haynes received his PhD from the University of Colorado, USA, in 1971 and is Emeritus Professor of Psychology at the University of Hawai'i at Mānoa, USA. He has served on 14 editorial boards, publishedmore than130 articles andnine books, and supervised 70 theses and dissertations. John D. Hunsley received his PhD from the University of Waterloo, Canada, in 1985 and is Professor of Psychology at the University of Ottawa, Canada. He has served on numerous editorial boards and has authored over 140 articles, chapters, and books. He has supervised 17 doctoral dissertations and served on numerous dissertation committees.
|
| 588 |
|
|
|a Description based on online resource; title from digital title page (viewed on January 14, 2021).
|
| 500 |
|
|
|a Electronic resource.
|
| 650 |
|
0 |
|a Psychology
|x Research.
|0 http://id.loc.gov/authorities/subjects/sh85108467
|
| 650 |
|
0 |
|a Dissertations, Academic
|v Handbooks, manuals, etc.
|0 http://id.loc.gov/authorities/subjects/sh2008102323
|
| 650 |
|
0 |
|a Psychology
|x Study and teaching (Graduate)
|0 http://id.loc.gov/authorities/subjects/sh85108470
|
| 655 |
|
7 |
|a Electronic books.
|2 local
|
| 700 |
1 |
|
|a Hunsley, John D.,
|d 1959-
|e author.
|0 http://id.loc.gov/authorities/names/n2020038556
|
| 710 |
2 |
|
|a Taylor & Francis.
|0 http://id.loc.gov/authorities/names/n84073022
|
| 776 |
1 |
8 |
|i Print version:
|a Haynes, Stephen N., 1944-
|t Writing dissertations and theses in psychology
|b 1 Edition.
|d New York : Routledge, 2021.
|z 9780367855932
|w (DLC) 2020031956
|
| 856 |
4 |
0 |
|u http://proxy.library.tamu.edu/login?url=https://www.taylorfrancis.com/books/9781003013822
|z Connect to the full text of this electronic book
|t 0
|
| 945 |
|
|
|b 743711
|
| 955 |
|
|
|a YBP purchased approval e-records
|
| 980 |
|
|
|b 170.00
|g 1
|
| 999 |
f |
f |
|s 4fad56c4-3451-3573-afc4-819e0c78aaf1
|i cc6fdc12-9a3d-392e-b8c0-d2ddc3bfaf92
|t 0
|
| 952 |
f |
f |
|a Texas A&M University
|b College Station
|c Electronic Resources
|d Available Online
|t 0
|e BF76.5 .H395 2021
|h Library of Congress classification
|
| 998 |
f |
f |
|a BF76.5 .H395 2021
|t 0
|l Available Online
|